header

Estimating crime rates from police reports and victim surveys (Record no. 59361)

MARC details
000 -LEADER
fixed length control field 01392nam a2200349Ia 4500
082 04 - DEWEY DECIMAL CLASSIFICATION NUMBER
Classification number 364.072/7
100 1# - MAIN ENTRY--AUTHOR NAME
Personal name Ansari, Sami,
245 10 - TITLE STATEMENT
Title Estimating crime rates from police reports and victim surveys
300 ## - PHYSICAL DESCRIPTION
Number of Pages ix, 262 p.
490 0# - SERIES STATEMENT
Series statement Criminal justice: recent scholarship
650 #0 - SUBJECT ADDED ENTRY--TOPICAL TERM
Topical Term Victims of crimes.
Topical Term Victims of crimes surveys.
Topical Term Criminal statistics.
Topical Term Police reports.
856 40 - ELECTRONIC LOCATION AND ACCESS
Uniform Resource Identifier http://site.ebrary.com/lib/rucke/Doc?id=10677870
264 #1 -
-- El Paso :
-- LFB Scholarly Publishing LLC,
-- 2013.

No items available.

© 2026 Rongo University
Contact us: librarian | system librarian | Rongo university